Discovering the sikhs : (Record no. 61283)

MARC details
000 -LEADER
fixed length control field 01650nam a22002537a 4500
005 - DATE AND TIME OF LATEST TRANSACTION
control field 20120120105040.0
010 ## - LCCN (DPL NO)
LC control number B-445452-456
020 ## - INTERNATIONAL STANDARD BOOK NUMBER
International Standard Book Number 9788178240688
Terms of availability 550.00
035 ## - SYSTEM CONTROL NUMBER
System control number B-445452-456
037 ## - SOURCE OF ACQUISITION
Stock number dpl
Source of stock number/acquisition Allied Pub/Ven
082 ## - DEWEY DECIMAL CLASSIFICATION NUMBER
Classification number 993.007202
100 ## - MAIN ENTRY--PERSONAL NAME
Personal name Mcleod, W.H.
245 ## - TITLE STATEMENT
Title Discovering the sikhs :
Remainder of title autobiography of a Historian /
Statement of responsibility, etc by W.H.Mcleod
260 ## - PUBLICATION, DISTRIBUTION, ETC. (IMPRINT)
Place of publication, distribution, etc Delhi
Name of publisher, distributor, etc Permanent Black
Date of publication, distribution, etc 2004
270 ## - ADDRESS
Address D-28 Oxford Apartments, 11, I.P.Extension
City Delhi
Postal code 110092
300 ## - PHYSICAL DESCRIPTION
Extent xii,245p.
Other physical details ill.
Dimensions 22cm(Hb)
942 ## - ADDED ENTRY ELEMENTS (KOHA)
Source of classification or shelving scheme Dewey Decimal Classification
Item type English Books
Call number suffix MCL
Classification part 993.007202
Holdings
Withdrawn status Lost status Not for loan Collection code Home library Current library Date acquired Source of acquisition Cost, normal purchase price Full call number Barcode Copy number Cost, replacement price Koha item type
      Non-fiction Central Library Central Library 06/02/2012 Allied Pub/1143/26.09.2011/04/15.09.2011/09.11.2011 550.00 993.007202 MCL B-445452 1 550.00 English Books
      Non-fiction Karol Bagh Karol Bagh 06/02/2012 Allied Pub/1143/26.09.2011/04/15.09.2011/09.11.2011 550.00 993.007202 MCL B-445455 1 550.00 English Books
      Non-fiction Patel Nagar Patel Nagar 06/02/2012 Allied Pub/1143/26.09.2011/04/15.09.2011/09.11.2011 550.00 993.007202 MCL B-445453 1 550.00 English Books
      Non-fiction Sarojini Nagar Sarojini Nagar 06/02/2012 Allied Pub/1143/26.09.2011/04/15.09.2011/09.11.2011 550.00 993.007202 MCL B-445454 1 550.00 English Books
      Non-fiction Shahdara Branch Shahdara Branch 06/02/2012 Allied Pub/1143/26.09.2011/04/15.09.2011/09.11.2011 550.00 993.007202 MCL B-445456 1 550.00 English Books

© Delhi Public Library
Hit Counter
free hit counter